Khảo sát đặc điểm hình thái, giải phẫu thực vật và phân tích vùng Gen ITS và matK một số loài thuộc chi Morinda ở Đồng bằng sông Cửu Long : Luận văn tốt nghiệp cao học: Ngành công nghệ sinh học

Chín mẫu cây Nhàu trong nghiên cứu được thu hút từ bốn tỉnh thuộc Đồng bằng Sông Cửu Long gồm: Bạc Liêu, Cần Thơ, Kiên Giang và Đồng Tháp.

Bewaard in:
Bibliografische gegevens
Hoofdauteur: Lưu, Thị Kiều Trang
Formaat: Boek
Taal:Undetermined
Gepubliceerd in: Cần Thơ Đại học Cần Thơ 2013
Onderwerpen:
Tags: Voeg label toe
Geen labels, Wees de eerste die dit record labelt!
Thư viện lưu trữ: Trung tâm Học liệu Trường Đại học Cần Thơ
LEADER 01133nam a2200205Ia 4500
001 CTU_183792
008 210402s9999 xx 000 0 und d
082 |a 547 
082 |b Tr106 
100 |a Lưu, Thị Kiều Trang 
245 0 |a Khảo sát đặc điểm hình thái, giải phẫu thực vật và phân tích vùng Gen ITS và matK một số loài thuộc chi Morinda ở Đồng bằng sông Cửu Long : 
245 0 |b Luận văn tốt nghiệp cao học: Ngành công nghệ sinh học 
245 0 |c Lưu Thị Kiều Trang ; Trần Nhân Dũng (Cán bộ hướng dẫn) 
260 |a Cần Thơ 
260 |b Đại học Cần Thơ 
260 |c 2013 
520 |a Chín mẫu cây Nhàu trong nghiên cứu được thu hút từ bốn tỉnh thuộc Đồng bằng Sông Cửu Long gồm: Bạc Liêu, Cần Thơ, Kiên Giang và Đồng Tháp. 
650 |a Hoá học hữu cơ,Chemistry, organic,Morinda 
904 |i Tôn Trúc Quân 
980 |a Trung tâm Học liệu Trường Đại học Cần Thơ